000 01266cam a22002771i 4500
003 SA-RiAUC
005 20250710151838.0
008 250708s1958 ua g 000 0 ara c
040 _aSA-JeALM
_bara
_cSA-RiAUC.
_erda
082 0 4 _a256.5
_qSA-RiAUC
090 _a256.5
_bا ب ن س
100 1 _aابن سهل السرخسي، محمد بن أحمد بن سهل،
_dتوفي 483 هجري
_eمؤلف.
245 1 0 _aشرح كتاب السير الكبير لمحمد بن الحسن بن فرقد الشيباني /
_cاملاء محمد بن أحمد بن سهل السرخسي ؛ تحقيق صلاح الدين المنجد.
264 3 _aالقاهرة :
_bمطبعة مصر .
_c1958
300 _a3 ج في 1 مجلد ؛
_c24 سم
336 _aنص
_btxt
_2rdacontent
_3كتاب
337 _aبدون وسيط
_bn
_2rdamedia
338 _aمجلد
_bnc
_2rdacarrier
650 7 _aالسير (فقه إسلامي)
_2aucsh
650 7 _aالجهاد في الإسلام
_2aucsh
700 1 _aالمنجد، صلاح الدين بن عبد الله،
_d1920-2010
_eمحقق.
700 1 2 _aالشيباني، محمد بن الحسن،
_d131-189 هجري
740 2 2 _aالسير الكبير.
942 _2ddc
_cBOOK
_n0
949 _aSA-JeALM
_d250708
_uosman123
_n1
999 _c9760
_d9760